| 000 | 00931nam a22001937a 4500 | ||
|---|---|---|---|
| 999 |
_c58680 _d58680 |
||
| 003 | Ge_BSU | ||
| 005 | 20220628123505.0 | ||
| 008 | 220628s2016 ge ||||| |||| 00| 0 geo d | ||
| 020 | _a2000000039985 | ||
| 041 | _ageo | ||
| 080 | _a912(100) დ-27 | ||
| 245 |
_aდედამიწის ნახევარსფეოები : ფიზიკური რუკა _bდასავლეთი ნახევარსფერო. აღმოსავლეთი ნახევარსფერო / _cრედაქტორი ნოდარ ფეიქრიშვილი. |
||
| 264 |
_aთბილისი, _c2016. |
||
| 300 | _a1:40 000 000 | ||
| 653 | _aფიზიკური რუკა | ||
| 653 | _aდედამიწის ნახევარსფეროები | ||
| 700 |
_aფეიქრუშვილი, ნოდარ _eრედაქტორი _914239 |
||
| 942 |
_2udc _cMP |
||